| 000 | 00478nam a2200169Ia 4500 | ||
|---|---|---|---|
| 008 | 210719s2009 xx 000 0 und d | ||
| 041 | _akan | ||
| 082 | _a361.614K REVH | ||
| 100 | _aREVANNA ODEYAR | ||
| 245 | _aHakku kartavyagalu: ondu parikalpanatmaka adhyayana | ||
| 260 |
_aBengaluru _c2009 |
||
| 300 |
_aviii,172 _bPB |
||
| 365 |
_b125 _cRs |
||
| 650 | _aHuman Rights | ||
| 650 | _aHuman Rights | ||
| 906 | _aadhyayana ; Hakku ; kartavyagalu: ; ondu ; parikalpanatmaka | ||
| 999 |
_c215859 _d215859 |
||